00547nam a2200193 a 4500008004100000020001500041050002000056100002100076245001400097246003300111260004100144300002400185350000900209500001800218650003100236650002600267650004000293700002000333120416s1987 ||||||||||||||||| || u a0314852425 aHF 5415.135 Gro aGross, Charles W10aMarketing aconcepts and decision making aSt. Paul, MN.bWest Publishingc1987 axxiii, 700p. : ill. a0.00 aBibliography. aMARKETING--DECISION MAKING aMARKETING--MANAGEMENT 0aMARKETING--MANAGEMENT--CASE STUDIES aPeterson, Robin